000 00402nam a22001697a 4500
005 20180727154518.0
008 160517b xxu||||| |||| 00| 0 eng d
020 _a81-85386-17-X
041 _aeng
082 _b2504
_a658.3
100 _aShukla, Madhukar
_92089
245 _aUnderstanding Organizations
260 _bPHI,
_c2002
_adelhi
300 _a253p,
650 _aManagement
_9241
942 _cBK
999 _c916
_d916